000 00558nam a2200229Ia 4500
003 OSt
005 20221005123157.0
006 a|||||r|||| 00| 0
007 ta
008 221004b |||||||| |||| 00| 0 mal d
024 _a62402
037 _cTextual
040 _aCRL
_cCRL
_bmal
041 _2mal
_amal
082 _aQ22:22, 32J4
100 _aNair Gopalan Au.
_9627147
245 0 _aKuchela gathi
260 _c1954
650 _aRELIGION
942 _hQ22:22, 32J4
_cTEXL
_2cc
999 _c1046628
_d1046628